000
00449nam a2200145Ia 4500
008
100204s9999 xx 000 0 und d
082
_b
3298
100
_a
पंडित बाळ ज.
245
_a
्रत्रिफळा
260
_b
"अजब पुस्तकालय, कोल्हापूर"
_c
1981
300
_a
83
630
_a
्रत्रिफळा
730
_a
्रत्रिफळा
942
_c
BOOK
999
_c
465484
_d
465481